000 00614nam a2200181 a 4500
001 000039908
005 20240228090831.0
008 130729s1998 ja 000 0 spa d
040 _aDO-SdBNP
_bspa
_cBNPHU
041 1 7 _aeng
245 0 0 _aCARICOM, Central America and the free trade agreement of the Americas /
_cNorman Girvan, Miguel Ceara Hatton.
260 _aKingston, Jamaica :
_bFriedrich Ebert Stiftung,
_c1998.
300 _a47 p. ;
_c24 cm.
504 _aBibliografía : p. 36-37
700 1 _aGirvan, Norman
_966112
700 1 _aCeara-Hatton, Miguel
_91685
710 2 _aFriedrich Ebert Stiftung,
_966113
999 _c39398
_d39398